<?xml version="1.0" encoding="UTF-8"?>
<record
    xmlns:xsi="http://www.w3.org/2001/XMLSchema-instance"
    xsi:schemaLocation="http://www.loc.gov/MARC21/slim http://www.loc.gov/standards/marcxml/schema/MARC21slim.xsd"
    xmlns="http://www.loc.gov/MARC21/slim">

  <leader>02970cam a2200361Mi 4500</leader>
  <controlfield tag="001">966567365</controlfield>
  <controlfield tag="003">OCoLC</controlfield>
  <controlfield tag="005">20250123132832.0</controlfield>
  <controlfield tag="007">ta</controlfield>
  <controlfield tag="008">161222s2017    mnu      b    001 0 eng d</controlfield>
  <datafield tag="020" ind1=" " ind2=" ">
    <subfield code="a">9781506423449</subfield>
    <subfield code="q">(hardcover ;</subfield>
    <subfield code="q">alkaline paper)</subfield>
  </datafield>
  <datafield tag="020" ind1=" " ind2=" ">
    <subfield code="a">1506423442</subfield>
    <subfield code="q">(hardcover ;</subfield>
    <subfield code="q">alkaline paper)</subfield>
  </datafield>
  <datafield tag="035" ind1=" " ind2=" ">
    <subfield code="a">(OCoLC)966567365</subfield>
    <subfield code="z">(OCoLC)966609474</subfield>
  </datafield>
  <datafield tag="040" ind1=" " ind2=" ">
    <subfield code="a">YDX</subfield>
    <subfield code="b">eng</subfield>
    <subfield code="e">rda</subfield>
    <subfield code="c">YDX</subfield>
    <subfield code="d">GGB</subfield>
    <subfield code="d">LNT</subfield>
    <subfield code="d">OCLCF</subfield>
    <subfield code="d">U3G</subfield>
    <subfield code="d">OCLCQ</subfield>
    <subfield code="d">OCLCO</subfield>
  </datafield>
  <datafield tag="082" ind1="0" ind2="4">
    <subfield code="a">230.01</subfield>
    <subfield code="a">189.2</subfield>
    <subfield code="2">23</subfield>
    <subfield code="b">HAY 1</subfield>
  </datafield>
  <datafield tag="100" ind1="1" ind2=" ">
    <subfield code="a">Hayes, Andrew David Robin,</subfield>
    <subfield code="e">author</subfield>
  </datafield>
  <datafield tag="245" ind1="1" ind2="0">
    <subfield code="a">Justin against Marcion :</subfield>
    <subfield code="b">defining the Christian philosophy /</subfield>
    <subfield code="c">Andrew Hayes</subfield>
  </datafield>
  <datafield tag="264" ind1=" " ind2="1">
    <subfield code="a">Minneapolis :</subfield>
    <subfield code="b">Fortress Press,</subfield>
    <subfield code="c">[2017]</subfield>
  </datafield>
  <datafield tag="300" ind1=" " ind2=" ">
    <subfield code="a">xxxiv, 236 pages ;</subfield>
    <subfield code="c">24 cm</subfield>
  </datafield>
  <datafield tag="336" ind1=" " ind2=" ">
    <subfield code="a">text</subfield>
    <subfield code="b">txt</subfield>
    <subfield code="2">rdacontent</subfield>
  </datafield>
  <datafield tag="337" ind1=" " ind2=" ">
    <subfield code="a">unmediated</subfield>
    <subfield code="b">n</subfield>
    <subfield code="2">rdamedia</subfield>
  </datafield>
  <datafield tag="338" ind1=" " ind2=" ">
    <subfield code="a">volume</subfield>
    <subfield code="b">nc</subfield>
    <subfield code="2">rdacarrier</subfield>
  </datafield>
  <datafield tag="490" ind1="1" ind2=" ">
    <subfield code="a">Emerging scholars</subfield>
  </datafield>
  <datafield tag="500" ind1=" " ind2=" ">
    <subfield code="a">Revision of the author's thesis (Ph. D.)--King's College London, 2015 under title: Defining Christianity : Justin's contra-Marcionite defence</subfield>
  </datafield>
  <datafield tag="504" ind1=" " ind2=" ">
    <subfield code="a">Includes bibliographical references (pages 221-231) and indexes</subfield>
  </datafield>
  <datafield tag="505" ind1="0" ind2="0">
    <subfield code="g">1.</subfield>
    <subfield code="t">Who Are the "Christians"? --</subfield>
    <subfield code="t">Persecution --</subfield>
    <subfield code="t">Greco-Roman Perspectives --</subfield>
    <subfield code="t">Teacher and Pupils --</subfield>
    <subfield code="g">2.</subfield>
    <subfield code="t">Reading between the Lines: The Conspicuousness of Marcion in the Dialogue --</subfield>
    <subfield code="t">The Dialogue: Introduction and Commentary --</subfield>
    <subfield code="t">Repetition of Themes in the Dialogue --</subfield>
    <subfield code="t">Philosophies and "Christians" --</subfield>
    <subfield code="t">Conclusion --</subfield>
    <subfield code="g">3.</subfield>
    <subfield code="t">Case by Case --</subfield>
    <subfield code="t">Introduction --</subfield>
    <subfield code="t">Politics --</subfield>
    <subfield code="t">Who Are the Atheists? --</subfield>
    <subfield code="t">Evidence of True Worship --</subfield>
    <subfield code="t">Different Teacher, Different Confession --</subfield>
    <subfield code="t">Conclusion</subfield>
  </datafield>
  <datafield tag="520" ind1=" " ind2=" ">
    <subfield code="a">In a period where Christianity was only beginning to form a definitive identity, Marcion played a remarkable and generative role. Andrew Hayes takes the measure of his impact on second-century Christianity through a close examination of the topics and structure of Justin Martyr's writings, especially the Dialogue with Trypho, demonstrating that Justin repeatedly described Christianity in a contra-Marcionite fashion. Arguing that the early part of the Dialogue is in fact a contra- Marcionite prelude to all the major themes in the rest of the piece, Hayes claims that the chief task Justin took for himself was to seize back from Marcion the terms of Christian self-definition. Marcion is thus far more important for Justin's work than the few places where he is explicitly named might suggest, and Hayes shows that these texts are far from anomalous: they reveal Justin's deeper agenda of presenting Marcion as a demonic instrument. Students of the second century, of Marcion and of Justin alike, will find much to reevaluate in these pages</subfield>
  </datafield>
  <datafield tag="600" ind1="0" ind2="0">
    <subfield code="a">Justin,</subfield>
    <subfield code="c">Martyr, Saint</subfield>
  </datafield>
  <datafield tag="600" ind1="0" ind2="0">
    <subfield code="a">Marcion,</subfield>
    <subfield code="c">of Sinope,</subfield>
    <subfield code="d">active 2nd century</subfield>
  </datafield>
  <datafield tag="650" ind1=" " ind2="0">
    <subfield code="a">Christian philosophy</subfield>
  </datafield>
  <datafield tag="776" ind1="0" ind2="8">
    <subfield code="i">Electronic version:</subfield>
    <subfield code="a">Hayes, Andrew.</subfield>
    <subfield code="t">Justin against Marcion.</subfield>
    <subfield code="d">Minneapolis : Fortress Press, [2017]</subfield>
    <subfield code="z">9781506420400</subfield>
    <subfield code="w">(OCoLC)982492764</subfield>
  </datafield>
  <datafield tag="942" ind1=" " ind2=" ">
    <subfield code="2">ddc</subfield>
    <subfield code="c">BK</subfield>
    <subfield code="n">0</subfield>
  </datafield>
  <datafield tag="999" ind1=" " ind2=" ">
    <subfield code="c">10580</subfield>
    <subfield code="d">10580</subfield>
  </datafield>
  <datafield tag="952" ind1=" " ind2=" ">
    <subfield code="0">0</subfield>
    <subfield code="1">0</subfield>
    <subfield code="2">ddc</subfield>
    <subfield code="4">0</subfield>
    <subfield code="7">0</subfield>
    <subfield code="a">GBC</subfield>
    <subfield code="b">GBC</subfield>
    <subfield code="c">TH</subfield>
    <subfield code="d">2025-01-23</subfield>
    <subfield code="e">TBN</subfield>
    <subfield code="l">1</subfield>
    <subfield code="o">230.01 HAY</subfield>
    <subfield code="p">020923</subfield>
    <subfield code="r">2026-02-12 10:48:24</subfield>
    <subfield code="s">2026-02-11</subfield>
    <subfield code="t">c.1</subfield>
    <subfield code="w">2025-01-23</subfield>
    <subfield code="y">BK</subfield>
  </datafield>
</record>
